Statistics for 2018 FIFA World Cup - Final 16 Teams

Click here to take the quiz!

General Stats

  • This quiz has been taken 419 times
  • The average score is 14 of 16

Answer Stats

country% Correct
France
99%
Argentina
97%
England
96%
Brazil
95%
Croatia
93%
Spain
93%
Belgium
92%
Russia
91%
Portugal
90%
Sweden
87%
Denmark
83%
Mexico
83%
Uruguay
83%
Japan
82%
Colombia
81%
Switzerland
75%

Score Distribution

Percentile by Number Answered

Percent of People with Each Score

Your Score History

You have not taken this quiz